| 000 | 01220cam a22002771i 4500 | ||
|---|---|---|---|
| 003 | SA-RiAUC | ||
| 005 | 20241230053755.0 | ||
| 008 | 241230s2005 le g e 000 0 ara c | ||
| 020 | _a9960395863 | ||
| 040 |
_aSA-RiIMS _bara _cSA-RiAUC _erda |
||
| 043 | _aa-su--- | ||
| 082 | 0 | 4 |
_a214.3 _qSA-RiAUC |
| 090 |
_a214.3 _bو ز ا |
||
| 100 | 1 |
_aالوزان، عدنان محمد عبد العزيز، _d1371 هجري- _eمؤلف. |
|
| 245 | 1 | 0 |
_aموسوعة حقوق الإنسان في الإسلام وسماتها في المملكة العربية السعودية / _cعدنان بن محمد بن عبد العزيز الوزان. |
| 250 | _aالطبعة الأولى. | ||
| 264 | 1 |
_aبيروت : _bمؤسسة الرسالة للطباعة والنشر والتوزيع، _c2005 |
|
| 300 |
_a8 مجلد ؛ _c24 سم |
||
| 336 |
_aنص _btxt _2rdacontent _3كتاب |
||
| 337 |
_aبدون وسيط _bn _2rdamedia |
||
| 338 |
_aمجلد _bnc _2rdacarrier |
||
| 650 | 7 |
_aالإسلام وحقوق الإنسان _zالسعودية _vدوائر معارف _2aucsh |
|
| 650 | 7 |
_aحقوق الإنسان _zالسعودية _vدوائر معارف _2aucsh |
|
| 942 |
_2ddc _cBOOK |
||
| 949 |
_aSA-JeALM _d241230 _ukhaled123 _n1 |
||
| 999 |
_c4070 _d4070 |
||